000
00316nam a22001457a 4500
008
210604b ||||| |||| 00| 0 eng d
020
_a
9780132091459
041
_a
eng
080
_2
5th
_a
316
082
_a
316
100
_a
50
101
_a
SOC
245
_a
Society The Basics
_c
Macionis,J.J
942
_2
udc
_c
BK
999
_c
57947
_d
57947